000 00519nam a2200181Ia 4500
008 220531s9999 xx 000 0 und d
041 _aeng
082 _a-
_bBUS / LAW
100 _aLawrence, M. D. and Others
_974222
245 _aBusiness Administration - V (Human Resource Management)(Sem.-III)
250 _a1ST
260 _aPune
_bSuccess
_c2014
300 _a4.47
542 _d09-10-2018
650 _aHuman Resource
_974223
906 _cM.Com-II
_d2018-2019
_eElantas Beck Co.
_f15417
999 _c41340
_d41340